| 000 | 00000nam##2200000za#4500 |
| 001 | 9.680719 |
| 003 | CaOODSP |
| 005 | 20210615132358 |
| 007 | ta |
| 008 | 150407|1999||||xxc||||| f|0| 0 fre|d |
| 020 | |a0-662-83580-8 |
| 040 | |aCaOODSP|bfre |
| 043 | |an-cn--- |
| 086 | 1 |aSC94-71/1999F |
| 110 | 1 |aCanada.|bCentre canadien de gestion. |bRéseau du service axé sur les citoyens. |
| 245 | 10|aPratiques exemplaires d'un service axé sur les citoyens / |cpar D. Marie Blythe avec D. Brian Marson. |
| 260 | |aOttawa - Ontario : |bCentre canadien de gestion. |c1999. |
| 300 | |av, 198p. : |bréférences ; |c28 cm. |
| 563 | |aCouverture souple |
| 590 | |a02-31|b2002-08-02 |
| 691 | 07|aFonction publique|2gcpds |
| 691 | 07|aGouvernement fédéral|2gcpds |
| 691 | 07|aService à la clientèle|2gcpds |
| 720 | 1 |aBlythe, D. Marie |
| 720 | 1 |aMarson, D. |
| 775 | 08|tGood practices in citizen-centred service / |w(CaOODSP)9.647292 |
| 776 | 0#|tPratiques exemplaires d'un service axé sur les citoyens / |w(CaOODSP)9.640009 |